[Event "AUTO-OPEN-4521"]
[Site "http://www.queenalice.com/game.php?id=1834977"]
[Date "2024.4.12"]
[Round "1"]
[White "Equiferus"]
[Black "Shizumaru_Hisame"]
[Result "1-0"]
[WhiteElo "1829"]
[BlackElo "1807"]

1. d4 b6 2. Nf3 Ba6 3. b3 e6 4. c4 Nf6 5. e3 d5 6. Nbd2 dxc4 7. bxc4 c5 8. Nb3
Ne4 9. Bb2 f6 10. Bd3 Ng5 11. O-O Bb7 12. Nh4 Qd6 13. Nd2 Qc6 14. e4 Bd6 15. d5
exd5 16. exd5 Qd7 17. Re1+ Kf7 18. Bf5 Qd8 19. Ndf3 Re8 20. Nxg5+ fxg5 21. Bg6+
hxg6 22. Qf3+ Kg8 23. Nxg6 Na6 24. Qh5 Kf7 25. Nf4+ Kf8 26. Ng6+ Kf7 27. Nh8+
Kf8 28. Re6 Nc7 29. Qf7# 1-0

[Event "AUTO-OPEN-4521"]
[Site "http://www.queenalice.com/game.php?id=1834978"]
[Date "2024.4.12"]
[Round "1"]
[White "Shizumaru_Hisame"]
[Black "Equiferus"]
[Result "1-0"]
[WhiteElo "1831"]
[BlackElo "1857"]

1. d4 f5 2. Bd2 Nf6 3. Bb4 d5 4. e3 Nc6 5. Ba3 Be6 6. Bb5 Qd7 7. Nf3 a6 8. Ba4
b5 9. Bb3 b4 10. O-O bxa3 11. Nxa3 Bf7 12. c4 dxc4 13. Nxc4 e6 14. Nce5 Nxe5 15.
Nxe5 Qb5 16. Ba4 Bd6 17. Bxb5+ axb5 18. Nc6 O-O 19. Re1 Be8 20. Ne5 Bh5 21. Qb3
Nd5 22. Qxb5 Rab8 23. Qc4 Rb4 24. Qc2 Rd8 25. Nc6 Rdb8 26. Nxb8 Rxb8 27. a4 Nb4
28. Qd2 Be8 29. a5 Bb5 30. f3 Na6 31. Qf2 g5 32. e4 Kg7 33. exf5 exf5 34. g4 Rf8
35. Qg2 f4 36. Qh1 Rf6 37. b3 c5 38. d5 Nc7 39. Red1 Na6 40. Re1 Bd7 41. Qg2 Kg6
42. Qf1 Nc7 43. a6 Rf8 44. a7 Kf7 45. Ra2 Ra8 46. Rea1 Nb5 47. Ra6 Ke7 48. R1a5
Bb8 49. Rxb5 Bxb5 50. Qxb5 1-0

[Event "AUTO-OPEN-4521"]
[Site "http://www.queenalice.com/game.php?id=1834979"]
[Date "2024.4.12"]
[Round "1"]
[White "Equiferus"]
[Black "Carlos19"]
[Result "1-0"]
[WhiteElo "1850"]
[BlackElo "1633"]

1. d4 e6 2. Nf3 Nf6 3. Bd2 Nc6 4. e3 d5 5. Bd3 Ne4 6. O-O Nxd2 7. Nbxd2 Bb4 8.
c3 Be7 9. b4 a6 10. a4 a5 11. b5 Na7 12. Ne5 O-O 13. Qh5 g6 14. Qh6 Bg5 15. Qh3
b6 16. Ndf3 f5 17. g3 Qe8 18. Nxg5 h5 19. c4 c6 20. c5 bxc5 21. dxc5 Bb7 22.
Rab1 Qe7 23. Qh4 Qxc5 24. Nxe6 Qd6 25. Nxf8 Rxf8 26. f4 cxb5 27. axb5 Qc5 28.
Kf2 Kg7 29. Qg5 d4 30. Qxg6+ Kh8 31. Qxh5+ Kg8 32. Qg6+ Kh8 33. Nf7+ Rxf7 34.
Qxf7 Bd5 35. Qh5+ Kg8 36. Ke2 Bc4 37. Rfc1 Qa3 38. Bxc4+ Kf8 39. Qxf5+ Ke7 40.
Qe6+ Kd8 41. Qb6+ Ke7 42. Qxd4 Nxb5 43. Bxb5 Qa2+ 44. Rb2 Qa3 45. Qd7+ Kf6 46.
Rd2 Qxc1 47. Rd6# 1-0

[Event "AUTO-OPEN-4521"]
[Site "http://www.queenalice.com/game.php?id=1834982"]
[Date "2024.4.12"]
[Round "1"]
[White "zmanomega"]
[Black "Equiferus"]
[Result "1/2-1/2"]
[WhiteElo "1723"]
[BlackElo "1837"]

1. e4 e5 2. Nf3 Nc6 3. d3 h6 4. c3 Bc5 5. d4 exd4 6. cxd4 Bb4+ 7. Nc3 d5 8. e5
Nge7 9. Bb5 O-O 10. O-O a6 11. Bd3 Bg4 12. h3 Bh5 13. a3 Bxc3 14. bxc3 Bg6 15.
Be2 Nf5 16. a4 b6 17. Ba3 Re8 18. g4 Nh4 19. Nxh4 Qxh4 20. Kh2 f5 21. f3 f4 22.
Rg1 Ne7 23. c4 Kh8 24. Bxe7 Rxe7 25. cxd5 Rd7 26. Bc4 Re7 27. Ra2 a5 28. e6 Be8
29. Qd3 Qf6 30. d6 cxd6 31. d5 Bg6 32. Qb3 Rb8 33. Re1 Qd4 34. Rd1 Qf6 35. Rg2
1/2-1/2

[Event "AUTO-ADV-4781"]
[Site "http://www.queenalice.com/game.php?id=1835013"]
[Date "2024.4.12"]
[Round "1"]
[White "maurice916"]
[Black "Equiferus"]
[Result "1/2-1/2"]
[WhiteElo "1898"]
[BlackElo "1834"]

1. Nf3 Nc6 2. b3 e5 3. Bb2 d6 4. d4 Be7 5. e4 exd4 6. Nxd4 Ne5 7. Be2 Bd7 8. O-O
Nf6 9. f4 Neg4 10. Qd2 Nxe4 11. Qd1 Ne3 12. Qd3 Nxg2 13. Kxg2 d5 14. Bf3 Nc5 15.
Qe2 O-O 16. Kg1 Bh3 17. Bg2 Bc8 18. a4 a5 19. Nc3 c6 20. Qf3 Bf6 21. Rfe1 Bxd4+
22. Kh1 Qh4 23. Rab1 Bf2 24. Rf1 Bg4 25. Qxf2 Qxf2 26. Rxf2 Bf5 27. Re1 h5 28.
Ba3 b6 29. Nd1 Rfd8 30. Ne3 Bd7 31. Nxd5 cxd5 32. Bxd5 Rac8 33. Re7 Be6 34. Bxe6
fxe6 35. Bxc5 Rxc5 36. Rxe6 b5 37. axb5 Rxb5 38. Re5 Rdd5 39. Rfe2 Rd1+ 40. Kg2
Rxe5 41. fxe5 Rd5 42. e6 Kf8 43. Kf3 Rf5+ 44. Kg3 g5 45. h3 Ke7 1/2-1/2

[Event "AUTO-ADV-4781"]
[Site "http://www.queenalice.com/game.php?id=1835014"]
[Date "2024.4.12"]
[Round "1"]
[White "Equiferus"]
[Black "maurice916"]
[Result "1-0"]
[WhiteElo "1832"]
[BlackElo "1894"]

1. d4 d5 2. Nf3 Nf6 3. e3 Bg4 4. Be2 e6 5. O-O c5 6. dxc5 Bxc5 7. a3 Nc6 8. b4
Bb6 9. Nbd2 O-O 10. Bb2 e5 11. c4 dxc4 12. Nxe5 Bxe2 13. Qxe2 Nxe5 14. Bxe5 Rc8
15. Nxc4 Bc7 16. Rad1 Qe7 17. Bc3 Bb8 18. f3 Qc7 19. Nd6 Rcd8 20. Be5 Qb6 21.
Nc4 Qe6 22. Bb2 Rc8 23. Rd4 Be5 24. Nxe5 Rfe8 25. Rd2 Nd5 26. Rd3 f6 27. Ng4 Qf7
28. e4 Nf4 29. Qe3 Nxd3 30. Qxd3 Kh8 31. Bc1 Rcd8 32. Qe3 Rd7 33. f4 a6 34. Nf2
Red8 35. g4 h6 36. h4 Qc4 37. g5 fxg5 38. hxg5 h5 39. f5 Qf7 40. g6 Qf6 41. Kg2
Kg8 42. Kg3 h4+ 43. Kh3 Re8 44. Ng4 Qc6 45. Nf2 Rf8 46. Kxh4 Re7 47. Kg5 Qf6+
48. Kg4 Qxf5+ 49. exf5 Rxe3 50. Bxe3 Re8 51. Rd1 Rxe3 52. Rd8+ 1-0

[Event "AUTO-ADV-4783"]
[Site "http://www.queenalice.com/game.php?id=1835428"]
[Date "2024.4.21"]
[Round "1"]
[White "paloberto2"]
[Black "Equiferus"]
[Result "1-0"]
[WhiteElo "2003"]
[BlackElo "1844"]

1. d4 f5 2. Nf3 Nf6 3. Bg5 g6 4. Nc3 Bg7 5. e3 O-O 6. Bc4+ d5 7. Bb3 Kh8 8. O-O
c6 9. Re1 h6 10. Bh4 g5 11. Bg3 Be6 12. h3 Nbd7 13. Ne5 Kh7 14. Ne2 b5 15. Nxc6
Qe8 16. Qd3 a6 17. a4 bxa4 18. Rxa4 Nb8 19. Nxb8 Qxb8 20. Bxb8 Rfxb8 21. Rxa6
Ne4 22. Rxe6 Bf6 23. Ra6 1-0